| 000 | 01019nam a2200229 a 4500 | ||
|---|---|---|---|
| 005 | 20240221063738.0 | ||
| 008 | 030924s1980 mx r 000 0 spa d | ||
| 035 | _aUPN01000129131 | ||
| 049 | _aSEP | ||
| 050 | 4 |
_aLC5309 U58 _bC6204-6 1980 |
|
| 245 | 0 | 0 |
_aCiencias sociales : _bdesarrollo de la comunidad : 2o. año : unidades 4-6 / _cFabio Rosas Vila ... [et al.]. |
| 260 |
_aMéxico : _bSEP, Dirección General de de Capacitación y Mejoramiento Profesional del Magisterio, _c[1980?]. |
||
| 300 | _a[] p. | ||
| 505 | 8 |
_aContenido: _gUnidad 4. _tEl proceso de la investigación social -- _gUnidad 5. _tPlanificación del desarrollo -- _gUnidd 6. _tEl proceso de desarrollo de la comunidad |
|
| 500 | _a"Programa Nacional de Capacitación del Magisterio 1978-1982" | ||
| 500 | _a"Academia de Ciencias Sociales" | ||
| 650 | 4 |
_aCiencias sociales _xInvestigación _97497 |
|
| 650 | 4 |
_aDesarrollo de la comunidad _9458 |
|
| 650 | 4 |
_aEducación a distancia _97924 |
|
| 700 | 1 |
_aRosas Vila, Fabio, _ecoaut. |
|
| 905 | _aLibro | ||
| 999 |
_c101304 _d101304 |
||